000 00317 a2200133 4500
001 155683
040 _cEscola São Tomás de Aquino
100 _aMACEDO, Joaquim Manuel
240 1 0 _aJoaquim Manuel de Macedo
_lpor
245 1 0 _aJoaquim Manuel de Macedo
362 0 _a1981
697 _aGENERALIDADES
942 _cBK
999 _c155683
_d155683